000 00331nam a22001217a 4500
020 _a9789350040072
082 _222
_a658.4038
100 _aJoshi, Shubhalakshmi and Vazs, Smita.
245 _aManagement information systems /
260 _aNew Delhi,
_bBiztantra,
_cc2010.
300 _axix, 380p. ;
_bill. ;
_c23 cm.
942 _2ddc
_cMAG
999 _c841
_d841